BHAVPRAKASH NIGHANTU (Record no. 503304)

MARC details
000 -LEADER
fixed length control field 00406pam a2200157a 44500
008 - FIXED-LENGTH DATA ELEMENTS--GENERAL INFORMATION
fixed length control field 230515b2022 xxu||||| |||| 00| 0 eng d
020 ## - INTERNATIONAL STANDARD BOOK NUMBER
International Standard Book Number 978-81-909872-0-2
041 ## - LANGUAGE CODE
Language code of text/sound track or separate title ENGLISH<br/>
082 ## - DEWEY DECIMAL CLASSIFICATION NUMBER
Classification number 615.1/CHU
100 ## - MAIN ENTRY--PERSONAL NAME
Personal name KRISHNACHANDRA CHUNEKAR
245 ## - TITLE STATEMENT
Title BHAVPRAKASH NIGHANTU
250 ## - EDITION STATEMENT
Edition statement C
260 ## - PUBLICATION, DISTRIBUTION, ETC.
Place of publication, distribution, etc. VARANASI
Name of publisher, distributor, etc. CHAUKHAMBA BHARTI ACADMI
Date of publication, distribution, etc. 2022
300 ## - PHYSICAL DESCRIPTION
Extent 960
650 ## - SUBJECT ADDED ENTRY--TOPICAL TERM
Topical term or geographic name entry element BHAVPRAKASH NIGHANTU
Holdings
Withdrawn status Lost status Damaged status Not for loan Home library Current library Shelving location Date acquired Source of acquisition Cost, normal purchase price Total Checkouts Total Renewals Full call number Barcode Date due Date last seen Date last checked out Price effective from Koha item type
        College of Ayurved, Pune College of Ayurved, Pune   18/05/2023 BHARATI MADH. SAHA. GRAH. BHANDAR LTD. 795.00 9 1 615.1/CHU ACP-UG-15313 08/04/2026 09/03/2026 09/03/2026 28/06/2023 Book